000
00198nam a2200109Ia 4500
100
_a
#N/A
942
_c
BK
245
_a
Manorama Year Book 2012
260
_b
#N/A
546
_a
ENGLISH
999
_c
25737
_d
25737